Skróty literowe przystanków tramwajowych w Poznaniu - Statystyki

Ogólne statystyki
  • Ten quiz został rozwiązany 32 razy
  • Średni wynik to 76 z 135
Statystyki odpowiedzi
Hint Odpowiedź % Poprawnych
Aleje Solidarności ALSO
79%
Arciszewskiego ARCI
79%
AWF AWF
79%
Arena AREN
74%
Armii Poznań ARPO
74%
Bałtyk BALT
74%
Błażeja BLAZ
74%
Budziszyńska BUDZ
68%
Bukowska BUKO
68%
Bystra BYST
68%
Drzewieckiego DRZE
68%
Głogowska/Hetmańska GLHE
63%
Górczyn PKM GORC
63%
Grochowska GROC
63%
Grotkowska GROT
63%
Gwarna GWAR
63%
HCP HCP
63%
Hetmańska Wiadukt HEWI
63%
Junikowo JUNI
63%
Katedra KATE
63%
Klin KLIN
63%
Kmieca KMIE
63%
Kraszewskiego KRAS
63%
Kurpińskiego KURP
63%
Małe Garbary MAGA
63%
Matejki MATE
63%
Miłostowo MILO
63%
Most Teatralny MT
63%
Ostroroga OSTR
63%
Pasieka PASI
63%
Pl. Bernardyński PLBE
63%
Pl. Ratajskiego PLRA
63%
Pl. Wielkopolski PLWI
63%
Pl. Wiosny Ludów PLWL
63%
Połabska POLA
63%
Poznańska POZN
63%
Rondo Kaponiera RKAP
63%
Rondo Żegrze RZEG
63%
Serafitek SERA
63%
Serbska SERB
63%
Sielska SIEL
63%
Sołacz SOLA
63%
Starołęka Mała STMA
63%
Stadion Miejski STMI
63%
Stare Zoo SZOO
63%
Szwajcarska SZWA
63%
Szwedzka SZWE
63%
Szymanowskiego SZYM
63%
Termalna TERM
63%
Dworzec Zachodni DWZA
58%
Kolejowa KOLE
58%
Kórnicka KORN
58%
Kosińskiego KOSI
58%
Krauthofera KRAU
58%
Łacina LACI
58%
Łąkowa LAKO
58%
Lechicka Poznań Plaza LECH
58%
Lechicka/Naramowicka LENA
58%
Łomżyńska LOMZ
58%
Lutycka Szpital LUSZ
58%
Most Dworcowy MODW
58%
Mogileńska MOGI
58%
Most Św. Rocha MORO
58%
Murawa MURA
58%
Naramowice NARA
58%
Pamiątkowa PAMI
58%
Piątkowska PIAT
58%
Poznań Główny POGL
58%
Półwiejska POLW
58%
Ratajczaka RATA
58%
Rynek Jeżycki RJEZ
58%
Rolna ROLN
58%
Różana ROZA
58%
Rondo Rataje RRAT
58%
Rondo Starołęka RSTA
58%
Rynek Łazarski RYLA
58%
Rynek Wildecki RYWI
58%
Św. Czesława SWCZ
58%
Św. Leonarda SWLE
58%
Św. Michała SWMI
58%
Tadeuszak TADE
58%
Traugutta TRAU
58%
Uniwersytet Ekonomiczny UE
58%
Uniwersytet Przyrodniczy UP
58%
Węgorka WEGO
58%
Wierzbięcice WIER
58%
Wilczak WILC
58%
Wioślarska WIOS
58%
Włodarska WLOD
58%
Wojskowa WOJS
58%
Wrocławska WROC
58%
Wspólna WSPO
58%
Zamek ZAME
58%
Zawady ZAWA
58%
Żeromskiego ZERO
58%
Żniwna ZNIW
58%
Bonin BONN
53%
Fredry FRRY
53%
27 Grudnia GRUD
53%
Os. Lecha OSLE
53%
Park Wilsona PAWI
53%
Rondo Skubiszewskiego ROSK
53%
Rondo Solidarności ROSO
53%
Rondo Śródka ROSR
53%
Unii Lubelskiej UNLU
53%
Os. Winiary WINI
53%
Nad Wierzbakiem NADW
47%
Os. Łokietka OLOK
47%
Os. Piastowskie OPIA
47%
Os. Tysiąclecia OSTY
47%
Piaśnicka Rynek PIAR
47%
Piaśnicka/Kurlandzka PK
47%
Os. Sobieskiego SOB
47%
Starołęka PKM STAR
47%
Franowo FRWO
42%
Os. Czecha OCZ
42%
Ogrody OGDY
42%
Os. Pod Lipami OPL
42%
Rondo Nowaka-Jeziorańskiego RONJ
42%
Żegrze I Z I
42%
Żegrze II Z II
42%
Żegrze III ZIII
42%
Cmentarna CMNA
37%
Os. Rzeczypospolitej ORZE
37%
Polna PONA
37%
Słowiańska SLKA
37%
Baraniaka BAKA
32%
Jasna Rola JROL
32%
Krańcowa KRAC
32%
Aleje Marcinkowskiego MRCI
32%
Politechnika PP
32%
Dębiec PKM DEEC
26%
Polanka POKA
26%
Wielkopolska WIKA
26%
Przełajowa PZEL
16%
Nie znaleziono quizów pasujących do podanych kryteriów
Rozkład punktacji
Procent ludzi z każdym wynikiem
Percentyl według liczby udzielonych odpowiedzi
Twoja historia wyników
Nie rozwiązałeś tego quizu